Quiz Ville de Chambéry - Statistiques

Statistiques générales
  • Ce quiz a été pris 39 fois
  • Le résultat moyen est 10 sur 21
Statistiques - réponses
Hint Réponse % Correct
Région de Chambéry Auvergne Rhône-Alpes
100%
Département de Chambéry Savoie
100%
Gentilé des habitants Chambérien / Chambérienne
94%
Célèbre fontaine Fontaine des éléphants
74%
Nom d'un célèbre "carré" Carré Curial
68%
Célèbre château Château des ducs
68%
Footballeur champion du monde 2018, né à Chambéry Olivier Giroud
56%
Célèbre philosophe ayant passé 6 ans à Chambéry auprès de Mme de Warens Jean-Jacques Rousseau
53%
Nom de l'agglomération Grand Chambéry
44%
Grammairien savoisien mort, membre de l'académie française, qui a donné son nom à un lycée de Chambéry Claude Favre de Vaugelas
38%
Célèbre chanteur décédé jeune, et donnant son nom à une place près du Phare de Chambéry Grégory Lemarchal
35%
Ce qu'il était à la base Caserne d'infanterie
32%
Princesse ducale de la Savoie et mère de François 1er, qui a donné son nom à un collège de Chambéry Louise de Savoie
32%
Savoyard, ingénieur, haut fonctionnaire et résistant français, qui a donné son nom à un lycée des Hauts de Chambéry Louis Armand
29%
Quelles sont les trois villes jumelées avec Chambéry ? Turin
29%
Comte représenté au sommet de celle-ci Comte de Boigne
26%
Type d'établissement culturel occupant un grand espace de celui-ci Médiathèque
26%
Maire actuel Thierry Repentin
21%
Journaliste et animateur de télévision né à Chambéry Yann Barthès
21%
Quelles sont les trois villes jumelées avec Chambéry ? Albstad
9%
Quelles sont les trois villes jumelées avec Chambéry ? Ouahigouya
9%
Aucun quiz correspondant
Distribution des résultats
% des personnes avec chaque résultat
Percentile par nombre de réponses
Votre historique - résultats
Vous n’avez pas pris ce quiz